Т. 23, вып. 139; Труды государственного оптического института

Opis bibliograficzny
Parent link:Труды государственного оптического института: научный журнал/ Государственный оптический институт им. С. И. Вавилова. Т. 23, вып. 139.— , 1950, 1951, 1953-1957, 1959, 1960, 1966, 1972
Język:rosyjski
Wydane: 1953
Format: MixedMaterials Książka
KOHA link:https://koha.lib.tpu.ru/cgi-bin/koha/opac-detail.pl?biblionumber=582447

MARC

LEADER 00000nam2a2200000 4500
001 582447
005 20231101130900.0
035 |a (RuTPU)RU\TPU\prd\282829 
035 |a RU\TPU\prd\282826 
090 |a 582447 
100 |a 20190129a19501972k y0rusy50 ca 
101 0 |a rus 
102 |a RU 
200 0 |a Т. 23, вып. 139 
210 |d 1953 
461 1 |0 (RuTPU)RU\TPU\prd\358  |t Труды государственного оптического института  |o научный журнал  |f Государственный оптический институт им. С. И. Вавилова  |v Т. 23, вып. 139  |d 1950, 1951, 1953-1957, 1959, 1960, 1966, 1972 
801 0 |a RU  |b 63413507  |c 20010227  |g PSBO 
801 1 |a RU  |b 63413507  |c 20080423  |g PSBO 
801 2 |a RU  |b 63413507  |c 20190129  |g PSBO 
942 |c BK 
999 |a НТБ_ТПУ  |b НФ  |e -8/20190109  |p П-1485  |u 0,00  |v 1  |x 8487